<?xml version="1.0" encoding="UTF-8"?>
<marc:record xmlns:marc="http://www.loc.gov/MARC21/slim">
   <marc:leader>00000nam a2200000 a 4500</marc:leader>
   <marc:datafield ind1="0" ind2="0" tag="245">
      <marc:subfield code="a">Der Nachname</marc:subfield>
   </marc:datafield>
   <marc:datafield ind1="0" ind2="0" tag="245">
      <marc:subfield code="b">Familienurlaub ist kein Urlaub</marc:subfield>
   </marc:datafield>
   <marc:datafield ind1=" " ind2="1" tag="264">
      <marc:subfield code="a">München</marc:subfield>
      <marc:subfield code="b">Constantin Film</marc:subfield>
      <marc:subfield code="c">2023</marc:subfield>
   </marc:datafield>
   <marc:datafield ind1="1" ind2=" " tag="520">
      <marc:subfield code="a">Es hätte ein harmonisches Familientreffen werden sollen. Doch kaum sind das Ehepaar Stephan (Christoph Maria Herbst) und Elisabeth (Caroline Peters) mit den frisch gebackenen Eltern Thomas (Florian David Fitz) und Anna (Janina Uhse) auf Lanzarote eingetroffen, brechen in der Familie Böttcher neue Konflikte auf. Nicht nur erkennen Thomas und Elisabeth ihr geliebtes Familiendomizil kaum wieder, viel schlimmer noch: Ihre Mutter Dorothea (Iris Berben) und Adoptivsohn René (Justus von Dohnányi) haben ihre Beziehung auf der kanarischen Insel in jeder Hinsicht vertieft und verkünden ihren Kinderwunsch!</marc:subfield>
   </marc:datafield>
   <marc:datafield ind1="3" ind2=" " tag="024">
      <marc:subfield code="a">4011976906889</marc:subfield>
   </marc:datafield>
   <marc:datafield ind1=" " ind2=" " tag="041">
      <marc:subfield code="a">ger</marc:subfield>
   </marc:datafield>
   <marc:datafield ind1="1" ind2=" " tag="521">
      <marc:subfield code="a">0</marc:subfield>
   </marc:datafield>
   <marc:datafield ind1=" " ind2=" " tag="300">
      <marc:subfield code="a">1 DVD</marc:subfield>
   </marc:datafield>
</marc:record>
